[Event "Bundesliga 2022-23"]
[Site "Deggendorf GER"]
[Date "2023.04.02"]
[Round "13.8"]
[Board "7"]
[White "Costa, Leonardo"]
[Black "Wachinger, Nikolas"]
[Result "0-1"]
[WhiteTitle "FM"]
[BlackTitle "IM"]
[WhiteElo "2350"]
[BlackElo "2432"]
[WhiteTeam "Muenchener Schachclub 1836"]
[BlackTeam "SV Werder Bremen"]
[WhiteFideId "16213955"]
[BlackFideId "12962791"]
[EventDate "2022.10.22"]

1. e4 c5 2. Nf3 d6 3. d4 cxd4 4. Nxd4 Nf6 5. Nc3 a6 6. Bd3 Nbd7 7. O-O e6 8. Kh1
b5 9. a3 Bb7 10. f4 g6 11. Qe2 Bg7 12. Be3 O-O 13. Rad1 Re8 14. Bg1 e5 15. fxe5
Nxe5 16. Rfe1 Qc7 17. Nf3 d5 18. Nxe5 Rxe5 19. Bd4 Re6 20. e5 Nd7 21. Qf3 Nxe5
22. Qg3 Rae8 23. Re2 Qc6 24. h3 Nc4 25. Rxe6 Qxe6 26. Bxc4 dxc4 27. Bxg7 Kxg7
28. Kh2 Qf5 29. Rd2 Bc6 30. Rd6 Re6 31. Rxe6 Qxe6 32. Qf4 Qf6 33. Qg3 h5 34. h4
a5 35. Nd1 Qd4 36. Qc3 Qxc3 37. Nxc3 Kf6 38. Kg3 Ke5 39. Kf2 f6 40. g3 g5 41.
Ne2 Ke4 42. Nc3+ Kf5 43. Ne2 Kg4 44. Nd4 Be8 45. Nf3 gxh4 46. gxh4 b4 47. axb4
c3 48. bxa5 cxb2 49. Nd2 Kxh4 50. Kf3 Bc6+ 51. Kf4 Kh3 0-1

[Event "Bundesliga 2022-23"]
[Site "Deggendorf GER"]
[Date "2023.04.02"]
[Round "13.8"]
[Board "8"]
[White "Carlstedt, Jonathan"]
[Black "Tadic, Branko"]
[Result "1-0"]
[WhiteTitle "IM"]
[BlackTitle "GM"]
[WhiteElo "2428"]
[BlackElo "2455"]
[WhiteTeam "SV Werder Bremen"]
[BlackTeam "Muenchener Schachclub 1836"]
[WhiteFideId "24614386"]
[BlackFideId "916412"]
[EventDate "2022.10.22"]

1. Nf3 Nf6 2. b3 g6 3. Bb2 Bg7 4. g3 d5 5. c4 dxc4 6. bxc4 c5 7. Bg2 Nc6 8. O-O
O-O 9. Nc3 Bf5 10. d3 Qd7 11. Rb1 Bh3 12. Bxh3 Qxh3 13. Nd5 b6 14. Ng5 Qf5 15.
Bxf6 exf6 16. Ne4 Kh8 17. e3 Rad8 18. f4 Rxd5 19. cxd5 Qxd5 20. Qb3 Qd7 21. Rbd1
Re8 22. Rfe1 Kg8 23. Nd2 Qg4 24. Kg2 Qc8 25. Nf3 f5 26. Kf2 Qb7 27. d4 cxd4 28.
exd4 Rd8 29. d5 Na5 30. Qa4 Bf8 31. Re8 Qc8 32. Rxd8 Qxd8 33. Kg2 Qe7 34. Ne5
Qb7 35. Qe8 Kg7 36. Kh3 Bd6 37. Qb5 g5 38. Nc6 g4+ 39. Kg2 Qc8 40. Re1 Nb7 41.
Qb2+ Kg6 42. Qe2 a5 43. Qe7 h6 44. Qxd6+ Nxd6 45. Ne7+ Kf6 46. Nxc8 Nxc8 47. Rc1 1-0

[Event "Bundesliga 2022-23"]
[Site "Viernheim GER"]
[Date "2023.04.29"]
[Round "14.1"]
[Board "1"]
[White "Aronian, Levon"]
[Black "Mamedyarov, Shakhriyar"]
[Result "1/2-1/2"]
[WhiteTitle "GM"]
[BlackTitle "GM"]
[WhiteElo "2755"]
[BlackElo "2747"]
[WhiteTeam "OSG Baden-Baden"]
[BlackTeam "SC Viernheim"]
[WhiteFideId "13300474"]
[BlackFideId "13401319"]
[EventDate "2022.10.22"]

1. e4 e5 2. Nf3 Nc6 3. Bc4 Bc5 4. c3 Nf6 5. d3 a6 6. O-O d6 7. Re1 Ba7 8. a4 O-O
9. h3 Be6 10. Bxe6 fxe6 11. Be3 Bxe3 12. Rxe3 d5 13. Nbd2 d4 14. cxd4 exd4 15.
Re1 Qe7 16. Rc1 Nd7 17. e5 Nc5 18. Ne4 Nxe4 19. Rxe4 Rad8 20. h4 Nb4 21. Ng5 1/2-1/2

[Event "Bundesliga 2022-23"]
[Site "Viernheim GER"]
[Date "2023.04.29"]
[Round "14.1"]
[Board "5"]
[White "Adams, Michael"]
[Black "Korobov, Anton"]
[Result "0-1"]
[WhiteTitle "GM"]
[BlackTitle "GM"]
[WhiteElo "2689"]
[BlackElo "2672"]
[WhiteTeam "OSG Baden-Baden"]
[BlackTeam "SC Viernheim"]
[WhiteFideId "400041"]
[BlackFideId "14105730"]
[EventDate "2022.10.22"]

1. e4 c5 2. Nf3 d6 3. Bb5+ Nd7 4. a4 Nf6 5. Nc3 a6 6. Be2 Qa5 7. O-O b5 8. d4 b4
9. Nd5 Nxe4 10. Re1 Bb7 11. Bc4 Nef6 12. Nxf6+ Nxf6 13. dxc5 Qxc5 14. Qe2 d5 15.
Bb3 e6 16. a5 Bd6 17. Ba4+ Ke7 18. Ne5 Ne4 19. Bf4 Rad8 20. Qf3 Qc7 21. Nd3 e5
22. Be3 d4 23. Bxd4 exd4 24. Rxe4+ Bxe4 25. Qxe4+ Kf8 26. Re1 Kg8 27. h4 h5 28.
Bb3 Rh6 29. Qf5 Qd7 30. Qf3 Rf8 31. Bc4 Qd8 32. g3 Qxa5 33. Re4 Rf6 34. Qe2 Qc7
35. b3 g6 36. Kg2 Qc6 37. Kg1 a5 38. Ne5 Bxe5 39. Rxe5 a4 40. bxa4 Qxa4 41. Re7
Qc6 42. Qe5 Rd8 43. Qe2 Ra8 44. Re4 Ra1+ 45. Kg2 Ra3 46. Bb3 Rxb3 47. cxb3 Re6
48. f3 Rxe4 49. fxe4 Qc3 0-1

[Event "Bundesliga 2022-23"]
[Site "Viernheim GER"]
[Date "2023.04.29"]
[Round "14.1"]
[Board "6"]
[White "Anton Guijarro, David"]
[Black "Kasimdzhanov, Rustam"]
[Result "1/2-1/2"]
[WhiteTitle "GM"]
[BlackTitle "GM"]
[WhiteElo "2655"]
[BlackElo "2670"]
[WhiteTeam "SC Viernheim"]
[BlackTeam "OSG Baden-Baden"]
[WhiteFideId "2285525"]
[BlackFideId "14200244"]
[EventDate "2022.10.22"]

1. e4 e5 2. Nf3 Nc6 3. Bb5 a6 4. Ba4 Nf6 5. O-O Be7 6. Re1 b5 7. Bb3 O-O 8. a4
Bb7 9. d3 d6 10. Bd2 Qd7 11. h3 Nd8 12. axb5 axb5 13. Rxa8 Bxa8 14. Nc3 Ne6 15.
Bxe6 fxe6 16. b4 Bb7 17. Qa1 Ra8 18. Qb2 h6 19. Ra1 Rxa1+ 20. Qxa1 Kh7 21. Qa5
c6 22. Qa2 Bc8 23. Ne2 Qb7 24. Qb2 Bd7 25. g4 Be8 26. Ng3 Bd8 27. Kg2 Bb6 28.
Qa2 d5 29. Be3 Bxe3 30. fxe3 c5 31. g5 dxe4 32. gxf6 exf3+ 33. Kf2 c4 34. fxg7
Qxg7 35. Qa8 Bg6 36. Qxf3 cxd3 37. cxd3 Qe7 38. Qc6 Bxd3 39. Qc3 Qf6+ 40. Kg2
Bc4 41. Qc2+ Kh8 42. Qd1 Qf8 43. Qh5 Qa8+ 44. Qf3 Qd8 45. h4 Qxh4 46. Kf2 1/2-1/2

[Event "Bundesliga 2022-23"]
[Site "Viernheim GER"]
[Date "2023.04.29"]
[Round "14.1"]
[Board "7"]
[White "Naiditsch, Arkadij"]
[Black "Amin, Bassem"]
[Result "0-1"]
[WhiteTitle "GM"]
[BlackTitle "GM"]
[WhiteElo "2667"]
[BlackElo "2667"]
[WhiteTeam "OSG Baden-Baden"]
[BlackTeam "SC Viernheim"]
[WhiteFideId "4650891"]
[BlackFideId "10601457"]
[EventDate "2022.10.22"]

1. e4 e5 2. Nf3 Nc6 3. Bb5 a6 4. Ba4 Nf6 5. O-O Be7 6. Re1 b5 7. Bb3 d6 8. c3
O-O 9. d4 Bg4 10. d5 Na5 11. Bc2 Qc8 12. h3 Bd7 13. Nbd2 c6 14. b4 Nb7 15. dxc6
Qxc6 16. Bb2 Nd8 17. Nf1 Ne6 18. Ne3 Nf4 19. g3 Nxh3+ 20. Kg2 Bd8 21. Rh1 Bb6
22. Nd5 Nxd5 23. exd5 Qc4 24. Ng1 Ng5 25. Bc1 Ne4 26. Qh5 h6 27. Bxh6 Nf6 28.
Qg5 Qg4 29. Rh4 Qxg5 30. Bxg5 Rfc8 31. Ne2 a5 32. bxa5 Bxa5 33. a4 Bb6 34. Rah1
Kf8 35. axb5 Ra2 36. Rh8+ Ke7 37. Rxc8 Bxc8 38. Rc1 Bg4 39. f3 Bh5 40. c4 e4 41.
Nc3 exf3+ 42. Kf1 Ra3 43. Na4 Bd4 44. Rd1 Ra2 45. Rxd4 Rxc2 46. b6 Kd7 47. c5
dxc5 48. b7 Kc7 49. d6+ Kxb7 50. d7 Nxd7 51. Rxd7+ Kc6 52. Rd2 Rc4 53. Nb2 Rg4
54. Bf4 g5 55. Be5 f5 56. Rd6+ Kb5 57. Rh6 Be8 58. Rh8 Bd7 59. Rd8 Be6 60. Rd6
Bg8 61. Rg6 Bb3 62. Bc7 c4 63. Kf2 Kb4 64. Kxf3 Kc3 65. Rd6 Kxb2 66. Rd5 c3 67.
Rxf5 c2 0-1

[Event "Bundesliga 2022-23"]
[Site "Viernheim GER"]
[Date "2023.04.29"]
[Round "14.1"]
[Board "8"]
[White "Wagner, Dennis"]
[Black "Donchenko, Alexander"]
[Result "1-0"]
[WhiteTitle "GM"]
[BlackTitle "GM"]
[WhiteElo "2570"]
[BlackElo "2646"]
[WhiteTeam "SC Viernheim"]
[BlackTeam "OSG Baden-Baden"]
[WhiteFideId "24650684"]
[BlackFideId "24603295"]
[EventDate "2022.10.22"]

1. d4 d5 2. c4 c6 3. Nf3 Nf6 4. g3 g6 5. Bg2 Bg7 6. O-O O-O 7. a4 Bf5 8. Nc3
dxc4 9. a5 Na6 10. Qa4 c5 11. dxc5 Nxc5 12. Qxc4 Rc8 13. Qb4 Nce4 14. Nxe4 Bxe4
15. Be3 a6 16. Rfd1 Qe8 17. Bc5 Qb5 18. Bxe7 Rfe8 19. Nd4 Qxb4 20. Bxb4 Nd5 21.
Ba3 Rcd8 22. Bxe4 Rxe4 23. Nc2 Bf6 24. Rd2 Nc7 25. Rxd8+ Bxd8 26. Ne3 Nb5 27.
Bc5 Bf6 28. Rd1 Nd4 29. Kf1 Ne6 30. Ba3 Rd4 31. Rxd4 Nxd4 32. Nc4 Nc6 33. Bc5
Bd8 34. b4 Bc7 35. e4 Ne5 36. Nd6 Bxd6 37. Bxd6 Nc4 38. Bf4 Kf8 39. Ke2 Ke7 40.
Kd3 Na3 41. Kd4 Nb5+ 42. Kc5 Kd7 43. g4 Nc3 44. f3 Nb5 45. Be5 Na7 46. Kd5 Nc6
47. Bd6 g5 48. e5 Nd8 49. Bc5 Nc6 50. h3 Nd8 51. Be3 Ne6 52. Ke4 Ke8 53. Kf5 h6
54. f4 gxf4 55. Bxf4 Nd4+ 56. Kf6 Nc6 57. Bd2 Ne7 58. h4 1-0

[Event "Bundesliga 2022-23"]
[Site "Viernheim GER"]
[Date "2023.04.29"]
[Round "14.2"]
[Board "1"]
[White "Ivanisevic, Ivan"]
[Black "Plat, Vojtech"]
[Result "0-1"]
[WhiteTitle "GM"]
[BlackTitle "GM"]
[WhiteElo "2547"]
[BlackElo "2546"]
[WhiteTeam "TSV Schoenaich"]
[BlackTeam "SC Remagen Sinzig"]
[WhiteFideId "912417"]
[BlackFideId "325740"]
[EventDate "2022.10.22"]

1. d4 Nf6 2. c4 g6 3. Nc3 d5 4. e3 Bg7 5. cxd5 Nxd5 6. Bc4 Nb6 7. Bb3 O-O 8. Nf3
Nc6 9. O-O e5 10. d5 Na5 11. e4 Nxb3 12. Qxb3 c6 13. Bg5 Bf6 14. Be3 Bg4 15. Nd2
cxd5 16. exd5 Bg7 17. a4 f5 18. f3 Bh5 19. a5 Nd7 20. d6+ Kh8 21. Nd5 g5 22. Nc7
Bf7 23. Qb4 Rc8 24. g4 Qf6 25. gxf5 Qxf5 26. Qg4 Qd3 27. Ra3 Qxd6 28. Nb5 Qe7
29. Nxa7 Rc2 30. Rd3 Be6 31. Qxg5 Bf6 32. Qh5 Rg8+ 33. Kf2 Bc4 34. Qf5 Nc5 0-1

[Event "Bundesliga 2022-23"]
[Site "Viernheim GER"]
[Date "2023.04.29"]
[Round "14.2"]
[Board "2"]
[White "Pavlidis, Antonios"]
[Black "Perunovic, Milos"]
[Result "1/2-1/2"]
[WhiteTitle "GM"]
[BlackTitle "GM"]
[WhiteElo "2550"]
[BlackElo "2542"]
[WhiteTeam "SC Remagen Sinzig"]
[BlackTeam "TSV Schoenaich"]
[WhiteFideId "4212312"]
[BlackFideId "921629"]
[EventDate "2022.10.22"]

1. e4 c5 2. Nf3 e6 3. d4 cxd4 4. Nxd4 Nc6 5. Nc3 Qc7 6. Be3 a6 7. Nxc6 Qxc6 8.
a4 d6 9. a5 Nf6 10. Ra4 d5 11. exd5 Nxd5 12. Nxd5 exd5 13. c3 Bd7 14. Rd4 Bc5
15. Rxd5 Bxe3 16. fxe3 Be6 17. Rd6 Qe4 18. Qd3 Qa4 19. Be2 Qa1+ 20. Bd1 O-O 21.
O-O Qxa5 22. Bf3 Rad8 23. Rd1 Rxd6 24. Qxd6 Bb3 25. Rd2 Qa1+ 26. Kf2 b5 27. Bd5
Bxd5 1/2-1/2

[Event "Bundesliga 2022-23"]
[Site "Viernheim GER"]
[Date "2023.04.29"]
[Round "14.2"]
[Board "3"]
[White "Plenca, Julijan"]
[Black "Burg, Twan"]
[Result "1/2-1/2"]
[WhiteTitle "IM"]
[BlackTitle "GM"]
[WhiteElo "2447"]
[BlackElo "2511"]
[WhiteTeam "TSV Schoenaich"]
[BlackTeam "SC Remagen Sinzig"]
[WhiteFideId "14508044"]
[BlackFideId "1010697"]
[EventDate "2022.10.22"]

1. e4 e5 2. Nf3 Nf6 3. d4 Nxe4 4. Bd3 Nc6 5. O-O d5 6. dxe5 Nc5 7. Bb5 Ne6 8.
Nc3 a6 9. Ba4 d4 10. Ne2 Bc5 11. a3 b5 12. Bb3 O-O 13. Qd3 Be7 14. Bxe6 Bxe6 15.
Nexd4 Nxd4 16. Qxd4 c5 17. Qxd8 Rfxd8 18. Be3 Rd5 19. Rfe1 Bg4 20. Bf4 Bxf3 21.
gxf3 Rad8 22. Kg2 f5 23. exf6 Bxf6 24. c3 Kf7 25. Re2 Rd1 26. Rxd1 Rxd1 27. Be3
c4 28. Rd2 Rxd2 29. Bxd2 Ke6 30. f4 Kf5 31. Kf3 Be7 32. Be3 Bd6 33. Bd2 h5 34.
h3 a5 35. Be3 g6 36. Bd2 Be7 1/2-1/2

[Event "Bundesliga 2022-23"]
[Site "Viernheim GER"]
[Date "2023.04.29"]
[Round "14.2"]
[Board "4"]
[White "Swinkels, Robin"]
[Black "Krassowizkij, Jaroslaw"]
[Result "1/2-1/2"]
[WhiteTitle "GM"]
[BlackTitle "IM"]
[WhiteElo "2513"]
[BlackElo "2439"]
[WhiteTeam "SC Remagen Sinzig"]
[BlackTeam "TSV Schoenaich"]
[WhiteFideId "1010824"]
[BlackFideId "1271703"]
[EventDate "2022.10.22"]

1. d4 d5 2. c4 e6 3. Nf3 Nf6 4. g3 Be7 5. Bg2 O-O 6. O-O dxc4 7. Qc2 a6 8. a4
Bd7 9. Qxc4 Bc6 10. Bg5 Nbd7 11. Nc3 h6 12. Bxf6 Nxf6 13. Rfd1 Qd6 14. e3 Rfd8
15. Qe2 Bf8 16. a5 Rab8 17. h3 Qe7 18. Kh2 Be8 19. Ne1 c5 20. d5 exd5 21. Nxd5
Nxd5 22. Bxd5 Qf6 23. e4 Bc6 24. Qf3 Be7 25. Rac1 Bxd5 26. Qxf6 Bxf6 27. Rxd5
Rxd5 28. exd5 Bxb2 29. Rxc5 Ba3 30. Rc4 Rd8 31. Nc2 Bc1 32. Rc5 Kf8 33. Kg2 Ke7
34. Kf3 Kd6 35. Rc4 Bd2 36. Nb4 Re8 37. Rd4 Bc3 38. Rc4 Bd2 39. Rd4 Be1 40. Rc4
Re7 41. g4 Bd2 42. h4 Rc7 43. Re4 Rc5 44. Ke2 Bxb4 45. Rxb4 Rb5 46. Rf4 f6 47.
Ra4 Rxd5 48. h5 f5 49. f3 fxg4 50. fxg4 Kc5 51. Ke3 Rg5 52. Kf4 b5 53. axb6 Kxb6
54. Ke3 a5 55. Kd3 Kc6 56. Rf4 Kd6 57. Ke3 Re5+ 58. Kf3 Re7 59. Ra4 Ra7 60. Ke3
Kc5 61. Kd3 Kb5 62. Rf4 Rc7 63. Rf5+ Rc5 64. Rf7 Rd5+ 65. Kc3 Rg5 66. Rf4 Kc5
67. Kd3 Kd5 68. Ra4 Ke5 69. Ke3 Kf6 70. Rf4+ Ke6 71. Kf3 Rb5 72. Kg3 Rb3+ 73.
Kh4 Rb6 74. Ra4 Ra6 75. g5 Kf5 76. gxh6 gxh6 77. Ra3 a4 78. Rg3 a3 79. Rxa3 Rxa3 1/2-1/2

[Event "Bundesliga 2022-23"]
[Site "Viernheim GER"]
[Date "2023.04.29"]
[Round "14.2"]
[Board "5"]
[White "Deuer, Marius"]
[Black "Jaracz, Pawel"]
[Result "0-1"]
[WhiteTitle "FM"]
[BlackTitle "GM"]
[WhiteElo "2326"]
[BlackElo "2463"]
[WhiteTeam "TSV Schoenaich"]
[BlackTeam "SC Remagen Sinzig"]
[WhiteFideId "16236432"]
[BlackFideId "1102222"]
[EventDate "2022.10.22"]

1. d4 d5 2. c4 c6 3. Nf3 Nf6 4. Qc2 dxc4 5. Qxc4 Bf5 6. g3 e6 7. Bg2 Nbd7 8. O-O
Be7 9. e3 O-O 10. Rd1 Qc7 11. Nc3 Nd5 12. Ne1 N7b6 13. Qe2 Nxc3 14. bxc3 e5 15.
e4 Be6 16. Nd3 f6 17. f3 Nc4 18. Nb2 b5 19. Nxc4 Bxc4 20. Qc2 c5 21. Be3 cxd4
22. cxd4 exd4 23. Bxd4 Rfd8 24. Bf1 Rac8 25. Bxc4+ Qxc4 26. Qf2 Qa4 27. Rd2 Bb4
28. Rd3 Rc4 29. Rad1 Rdxd4 30. Rxd4 Bc5 31. Rd8+ Kf7 32. R1d7+ Ke6 33. Qxc5 Rxc5
34. f4 Rc1+ 35. Kf2 Qxe4 36. Re8+ Kxd7 37. Rxe4 Rc2+ 0-1

[Event "Bundesliga 2022-23"]
[Site "Viernheim GER"]
[Date "2023.04.29"]
[Round "14.2"]
[Board "6"]
[White "Dgebuadze, Alexandre"]
[Black "Vyval, Volodymyr"]
[Result "1/2-1/2"]
[WhiteTitle "GM"]
[WhiteElo "2430"]
[BlackElo "2282"]
[WhiteTeam "SC Remagen Sinzig"]
[BlackTeam "TSV Schoenaich"]
[WhiteFideId "203882"]
[BlackFideId "14121530"]
[EventDate "2022.10.22"]

1. e4 c5 2. Nc3 d6 3. Nge2 Nf6 4. d4 cxd4 5. Nxd4 a6 6. a4 e5 7. Nf3 h6 8. Bc4
Qc7 9. Bb3 Be7 10. O-O O-O 11. Nh4 Kh7 12. Qd3 Nc6 13. Nd5 Nxd5 14. exd5+ f5 15.
dxc6 Bxh4 16. Qc4 Be7 17. cxb7 Qxb7 18. Qd3 Bd7 19. Bd5 Bc6 20. Bxc6 Qxc6 21.
Ra3 1/2-1/2

[Event "Bundesliga 2022-23"]
[Site "Viernheim GER"]
[Date "2023.04.29"]
[Round "14.2"]
[Board "7"]
[White "Saric, Ante"]
[Black "Geirnaert, Steven"]
[Result "1/2-1/2"]
[WhiteTitle "GM"]
[BlackTitle "IM"]
[WhiteElo "2510"]
[BlackElo "2399"]
[WhiteTeam "TSV Schoenaich"]
[BlackTeam "SC Remagen Sinzig"]
[WhiteFideId "14506254"]
[BlackFideId "203866"]
[EventDate "2022.10.22"]

1. d4 Nf6 2. c4 e6 3. g3 d5 4. Bg2 Be7 5. Nf3 O-O 6. O-O dxc4 7. Qa4 a6 8. Qxc4
b5 9. Qc2 Bb7 10. Bg5 Nbd7 11. Bxf6 Nxf6 12. Nbd2 Rc8 13. Nb3 Be4 14. Qc3 c5 15.
dxc5 Bd5 16. Rfd1 Ne4 17. Qe1 Bxc5 18. Nxc5 Rxc5 19. Ne5 Qc7 20. Nd3 Rc2 21.
Rac1 Nf6 22. Nb4 Rxc1 23. Rxc1 Qe5 24. Nxd5 exd5 25. Qd2 h5 26. e3 Re8 27. b4 h4
28. Rd1 Rc8 29. gxh4 Rc4 30. h3 Rxh4 31. f4 Qe6 32. Qd4 Rxh3 33. Bxh3 Qxh3 34.
Rd2 Ng4 35. Rg2 g6 36. Qa7 Qh4 37. Re2 Qg3+ 38. Kf1 Nh2+ 39. Rxh2 Qxh2 40. Qxa6
d4 41. Qc8+ Kg7 42. Qd7 Qh1+ 43. Ke2 Qg2+ 44. Kd3 Qf1+ 45. Ke4 Qh1+ 46. Kd3 Qb1+
47. Ke2 Qxa2+ 48. Kf3 dxe3 49. Qd4+ Kg8 50. Kxe3 Qe6+ 51. Kf3 Qh3+ 52. Kf2 Qb3
53. Qd8+ Kh7 54. Qd4 Qc2+ 55. Ke3 g5 56. Qc5 gxf4+ 57. Kxf4 Qd2+ 58. Kf3 Qd3+
59. Kf4 Qf1+ 60. Kg4 Qg2+ 61. Kf4 Qd2+ 62. Kf3 Qd3+ 63. Kf4 Kg7 64. Qg5+ Kf8 65.
Qc5+ Ke8 66. Ke5 Qe2+ 67. Kd6 f6 68. Kc6 Qc4 69. Kb6 Kd7 70. Qxb5+ Qxb5+ 71.
Kxb5 f5 72. Kc4 Kc6 73. Kd4 1/2-1/2

[Event "Bundesliga 2022-23"]
[Site "Viernheim GER"]
[Date "2023.04.29"]
[Round "14.2"]
[Board "8"]
[White "Mainka, Romuald"]
[Black "Plenca, Jadranko"]
[Result "0-1"]
[WhiteTitle "GM"]
[BlackTitle "IM"]
[WhiteElo "2366"]
[BlackElo "2412"]
[WhiteTeam "SC Remagen Sinzig"]
[BlackTeam "TSV Schoenaich"]
[WhiteFideId "4600258"]
[BlackFideId "14527146"]
[EventDate "2022.10.22"]

1. e4 e5 2. Nf3 Nc6 3. Bc4 Bc5 4. d3 Nf6 5. a4 O-O 6. c3 d5 7. exd5 Nxd5 8. b4
Be7 9. O-O Bg4 10. h3 Bh5 11. a5 a6 12. Re1 Kh8 13. g4 Bg6 14. Qb3 Nf6 15. Nxe5
Nxe5 16. Rxe5 Nd7 17. Re2 f5 18. d4 fxg4 19. hxg4 Bd6 20. g5 Bf4 21. Bxf4 Rxf4
22. Bd5 Qxg5+ 23. Bg2 Be4 24. Rxe4 Rxe4 25. Qd1 Rg4 0-1

[Event "Bundesliga 2022-23"]
[Site "Solingen GER"]
[Date "2023.04.29"]
[Round "14.3"]
[Board "1"]
[White "Schroeder, Jan-Christian"]
[Black "Van Foreest, Jorden"]
[Result "0-1"]
[WhiteTitle "GM"]
[BlackTitle "GM"]
[WhiteElo "2544"]
[BlackElo "2694"]
[WhiteTeam "SF Berlin"]
[BlackTeam "SG Solingen"]
[WhiteFideId "24662259"]
[BlackFideId "1039784"]
[EventDate "2022.10.22"]

1. e4 e5 2. Nf3 Nc6 3. Bb5 a6 4. Ba4 d6 5. O-O Bd7 6. c3 g5 7. d4 g4 8. Ne1 h5
9. f3 Bh6 10. Nd3 Qe7 11. d5 Nb8 12. c4 Bxc1 13. Bxd7+ Nxd7 14. Qxc1 f5 15. exf5
Nh6 16. fxg4 hxg4 17. Nc3 Qh7 18. Nf2 O-O-O 19. Nce4 Rdg8 20. Qd1 Kb8 21. f6 Nf7 0-1

[Event "Bundesliga 2022-23"]
[Site "Solingen GER"]
[Date "2023.04.29"]
[Round "14.3"]
[Board "2"]
[White "Warmerdam, Max"]
[Black "Piorun, Kacper"]
[Result "1/2-1/2"]
[WhiteTitle "GM"]
[BlackTitle "GM"]
[WhiteElo "2612"]
[BlackElo "2611"]
[WhiteTeam "SG Solingen"]
[BlackTeam "SF Berlin"]
[WhiteFideId "1048104"]
[BlackFideId "1130420"]
[EventDate "2022.10.22"]

1. d4 d5 2. c4 c5 3. Nf3 cxd4 4. cxd5 Qxd5 5. Qxd4 Nf6 6. Nc3 Qxd4 7. Nxd4 a6 8.
g3 e5 9. Nb3 Bd7 10. Bg2 Bc6 11. O-O Bxg2 12. Kxg2 Bb4 13. Bd2 Nc6 14. a3 Bxc3
15. Bxc3 Ne4 16. Rac1 Ke7 17. Na5 Nxa5 18. Bxa5 Rac8 19. Bc7 Ke6 20. f3 Nf6 21.
e4 1/2-1/2

[Event "Bundesliga 2022-23"]
[Site "Solingen GER"]
[Date "2023.04.29"]
[Round "14.3"]
[Board "3"]
[White "Tomczak, Jacek"]
[Black "Andersen, Mads"]
[Result "1-0"]
[WhiteTitle "GM"]
[BlackTitle "GM"]
[WhiteElo "2595"]
[BlackElo "2604"]
[WhiteTeam "SF Berlin"]
[BlackTeam "SG Solingen"]
[WhiteFideId "1124668"]
[BlackFideId "1413864"]
[EventDate "2022.10.22"]

1. d4 d5 2. c4 c6 3. Nc3 Nf6 4. Nf3 e6 5. Bg5 Nbd7 6. e3 Qa5 7. cxd5 Nxd5 8. Qd2
Bb4 9. Rc1 Nxc3 10. bxc3 Ba3 11. Rb1 b6 12. Bd3 Ba6 13. O-O Bxd3 14. Qxd3 O-O
15. e4 e5 16. Bh4 Rac8 17. Nd2 b5 18. f4 exd4 19. cxd4 Bb4 20. Nf3 c5 21. e5
cxd4 22. Qf5 Nc5 23. Be7 g6 24. Qh3 Rfe8 25. Ng5 h5 26. f5 Bd2 27. fxg6 fxg6 28.
Rf6 Be3+ 29. Kh1 Kg7 30. Rbf1 Bxg5 31. Rxg6+ 1-0

[Event "Bundesliga 2022-23"]
[Site "Solingen GER"]
[Date "2023.04.29"]
[Round "14.3"]
[Board "4"]
[White "Nikolic, Predrag"]
[Black "Kraemer, Martin"]
[Result "1/2-1/2"]
[WhiteTitle "GM"]
[BlackTitle "GM"]
[WhiteElo "2536"]
[BlackElo "2579"]
[WhiteTeam "SG Solingen"]
[BlackTeam "SF Berlin"]
[WhiteFideId "14400014"]
[BlackFideId "4671910"]
[EventDate "2022.10.22"]

1. d4 d5 2. c4 dxc4 3. Nf3 Nf6 4. e3 e6 5. Bxc4 a6 6. O-O c5 7. dxc5 Bxc5 8.
Qxd8+ Kxd8 9. b3 Ke7 10. Nbd2 Nbd7 11. Be2 b6 12. a3 a5 13. Bb2 Bb7 14. Nd4 Rhc8
15. Rfc1 Bxd4 16. Bxd4 e5 17. Bb2 Ne4 18. Nc4 Nec5 19. Nxe5 Nxb3 20. Rxc8 Rxc8
21. Rd1 Nxe5 22. Bxe5 f6 23. Bd6+ Ke6 24. Bf4 g5 25. Bg3 Rc1 26. f3 Rxd1+ 27.
Bxd1 Bd5 28. Be2 Kd7 29. Be1 Nc5 30. Bc3 Ke6 31. Kf2 f5 32. Bd4 Nd7 33. Kg3 a4
34. Bb5 Bb3 35. h4 h6 36. Bg7 Ne5 37. Bxh6 gxh4+ 38. Kxh4 Nc4 39. Bxc4+ Bxc4 40.
g4 Bd5 41. Kg3 fxg4 42. Kxg4 Bc6 43. e4 Bb7 44. Bg7 Bc6 45. Bd4 Bb7 46. Bxb6 Bc6
47. Kf4 Be8 48. Bd4 Bh5 49. Bc3 Be8 50. Kg4 Bc6 51. Kg5 Bb7 52. Kf4 Bc6 53. Ke3
Be8 54. f4 Bc6 55. Kd4 Bb7 56. f5+ Kf7 57. e5 Bc8 58. e6+ Bxe6 59. fxe6+ Kxe6
60. Kc5 Kd7 61. Be5 Kc8 62. Kc6 Kd8 63. Kb7 Kd7 64. Bc7 Ke7 65. Kc8 Ke8 66. Bd6
Kf7 67. Kd7 Kg8 68. Ke7 Kg7 69. Be5+ Kg8 70. Bd4 Kh7 71. Kf7 Kh6 72. Kg8 Kg6 73.
Bg7 Kf5 74. Kf7 Kg5 75. Ke6 Kg6 76. Bf6 Kh7 77. Bd4 Kg8 78. Ke7 Kh7 79. Kd6 Kg8
80. Ke7 Kh7 81. Be5 Kg8 82. Ke8 Kh7 83. Kf7 Kh6 84. Bf4+ Kh7 85. Ke6 Kg7 86. Ke7
Kg8 87. Bh6 Kh7 88. Kd6 Kxh6 89. Kc6 Kg6 90. Kb5 Kf6 91. Kxa4 Ke6 92. Kb5 Kd7
93. Kb6 Kc8 1/2-1/2

[Event "Bundesliga 2022-23"]
[Site "Solingen GER"]
[Date "2023.04.29"]
[Round "14.3"]
[Board "5"]
[White "Blohberger, Felix"]
[Black "Naumann, Alexander"]
[Result "1-0"]
[WhiteTitle "GM"]
[BlackTitle "GM"]
[WhiteElo "2493"]
[BlackElo "2513"]
[WhiteTeam "SF Berlin"]
[BlackTeam "SG Solingen"]
[WhiteFideId "1632051"]
[BlackFideId "4623169"]
[EventDate "2022.10.22"]

1. c4 Nf6 2. Nc3 g6 3. e4 d6 4. d4 Bg7 5. Nf3 O-O 6. Be2 e5 7. O-O Nc6 8. d5 Ne7
9. b4 Ne8 10. a4 f5 11. a5 Nf6 12. Bg5 Nxe4 13. Nxe4 fxe4 14. Nd2 h6 15. Bxe7
Qxe7 16. Nxe4 h5 17. c5 Bf5 18. Bd3 Bh6 19. Ra2 Kg7 20. Rc2 Rf7 21. Qe2 Raf8 22.
a6 b6 23. cxd6 cxd6 24. Rc6 Bxe4 25. Qxe4 Rf6 26. g3 Qd7 27. Kg2 Qf5 28. Rc7+
R8f7 29. Qxf5 gxf5 30. Rb7 Kf8 31. Bb5 Re7 32. Bd7 Rff7 33. Rb8+ Kg7 34. Be6 Rf8
35. Rb7 Kf6 36. f4 exf4 37. gxf4 Rh8 38. Rxe7 Kxe7 39. Rc1 Bxf4 40. Rc7+ Kf6 41.
b5 Ra8 42. h3 Ke5 43. Kf3 Bg5 44. Bd7 Bh4 45. Be6 Bg5 46. Rf7 Bf6 47. h4 f4 48.
Rh7 Kd4 49. Kxf4 Bxh4 50. Rxh5 Bf6 51. Rh7 Kc5 52. Bd7 Be5+ 53. Ke4 Rh8 54. Rxh8
Bxh8 55. Bc6 1-0